ARRUPE JESUIT UNIVERSITY

CORONAVIRUS -STOP THE SPREAD - CLEAN,DISINFECT,COVER

From the abundance of the heart (Record no. 119299)

MARC details
000 -LEADER
fixed length control field 00410nam a22001337a 4500
005 - DATE AND TIME OF LATEST TRANSACTION
control field 20131217124404.0
008 - FIXED-LENGTH DATA ELEMENTS--GENERAL INFORMATION
fixed length control field 131217b xxu||||| |||| 00| 0 eng d
050 ## - LIBRARY OF CONGRESS CALL NUMBER
Classification number BV4211.2
Item number N337 2012
100 ## - MAIN ENTRY--PERSONAL NAME
Personal name Ncube, Raphael Mabuza
9 (RLIN) 5816
245 ## - TITLE STATEMENT
Title From the abundance of the heart
Statement of responsibility, etc Ncube, Raphael Mabuza
260 ## - PUBLICATION, DISTRIBUTION, ETC. (IMPRINT)
Place of publication, distribution, etc Plumtree
Name of publisher, distributor, etc ILIzwi Publications
Date of publication, distribution, etc 2012
300 ## - PHYSICAL DESCRIPTION
Extent X, 222p. ;
Dimensions 23cm.
942 ## - ADDED ENTRY ELEMENTS (KOHA)
Source of classification or shelving scheme Library of Congress Classification
Item type Monograph ( Printed materials)
Holdings
Withdrawn status Lost status Source of classification or shelving scheme Damaged status Not for loan Collection code Home library Current library Shelving location Date acquired Total Checkouts Full call number Barcode Date last seen Price effective from Koha item type
    Library of Congress Classification     Main Collection ARRUPE LIBRARY ARRUPE LIBRARY Main Collection 17/12/2013   BV4211.2 N337 2012 46411752 24/01/2017 17/12/2013 Monograph ( Printed materials)

 

Arrupe Library. PO Box MP320 Mt Pleasant, Harare, Zimbabwe
263 242 745411|librarian@aju.ac.zw